Statistiques concernant Super League Suisse - le quiz

Cliquez ici pour prendre le quiz!

Statistiques générales

  • Ce quiz a été pris 43 fois
  • Le résultat moyen est 12 sur 20

Statistiques - réponses

QuestionRéponse% Correct
Combien d’équipes composent actuellement la Super League Suisse ?12
100%
Combien d’étoiles porte le FC Bâle sur son maillot ?2
92%
Dans quelle ville se trouve le club de Young Boys ?Berne
89%
Quelle star italienne a joué au FC Sion la saison dernière (2022-2023) ?Mario Balotelli
86%
Comment se nomme le club de Genève ?Servette
81%
Combien d’équipes se partagent le titre de champion depuis la saison 2003-2004 ?3
78%
Quel club non-Suisse se trouve pourtant actuellement en D2 Suisse ?FC Vaduz
75%
Quelle banque sponsorise actuellement le championnat ?Crédit Suisse
72%
Dans quelle ville se trouve le club de Xamax ?Neuchâtel
67%
Dans quelle région se trouve le FC Lugano ?Tessin
64%
Quel supporter du club est une star du sport suisse ?Roger Federer
58%
Quel club appartient au groupe anglais d’Ineos ?Lausanne Sport
56%
Quelle star africaine a évolué au club de 2012 à 2014 ?Mohamed Salah
53%
Quelle est l’équipe la plus titrée de l’histoire du championnat ?Grasshopper Club Zürich
50%
Quel club joue au Kybunpark ?FC Saint-Gall
47%
Comment se nomme le stade du FC Zürich ?Letzigrund
47%
Dans quel stade le club rhénan joue-t-il ?St. Jakob Park
47%
De quel pays insolite vient Mario Frick, actuel coach du FC Luzern ?Liechtenstein
42%
Quel stade de la Conférence League le club a-t-il atteint la saison dernière (2022-2023) ?Demies finale
8%
Qui est le meilleur buteur de l’histoire du championnat ?Jacques Fatton
6%

Distribution des résultats

Percentile par nombre de réponses

% des personnes avec chaque résultat

Votre développement - résultats

Vous n’avez pas pris ce quiz